000 003520000a22001570004500
003 MACL
040 _aMACL
090 _c7060
_d7059
100 _aDesikachary, T V
245 _aMarine Plants
260 _bNational Council Of Educational Research And Training
_c1975
350 _a3.10
650 _aPlants
942 _cBOOK
_k580
951 _o580 BOOK
999 _c7013
_d7013